MDQL
is popping MORE tags! Check the
thread
!
Quizzes
Events
Quiz Creation
Community
Videos
Private Events
Remove Ads
Sign In
Join for FREE
Feedback
Dark Mode
Quiz Categories
Sports
Geography
Music
Movies
Television
Just For Fun
Miscellaneous
History
Literature
Language
Science
Gaming
Entertainment
Religion
Holiday
For Kids
Quiz Lab
Recent
Popular Today
Quiz Kudos Today
Editor Picks
Curator Picks
Quizzes by...
Day
Popularity
Type
Ratings
Length
Year
Community
Subscriptions
Recent Discussions
Orange Saloon
Badges
Playlists
Quests
Create
Leaderboards
Showdown
Live 5
Trivia Bingo
Activity
Puzzle Library
Sporcle Events
Private Events
Virtual Trivia
Globe League
Become a Host
Pub Owners
SporcleCon
Opinionation
Our Games
Videos
Blog
Mobile Apps
Partnerships
Remove Ads and Go Orange
Feedback
Sports
Athletes
MLB
NBA
NHL
NFL
Soccer
Sports Teams
WWE
NCAA
Football
Premier League
Basketball
Baseball
Hockey
Golf
Tennis
Cricket
Rugby
Auto Racing
Olympics
World Cup
Sports
Athletes
MLB
NBA
NHL
NFL
Soccer
Sports Teams
WWE
NCAA
Football
Premier League
Basketball
Baseball
Hockey
Golf
Tennis
Cricket
Rugby
Auto Racing
Olympics
World Cup
Random Quiz
Search Sporcle
×
Quiz Lab
Quiz Lab
Sports
Player
Type in answers that appear in a list
Type in answers that appear in a list
Classic
Best Score? Go Orange.
Name the Team by the Sports Athlete Stats
Can you name the Name the Team by the Sports Athlete?
By
martinlu20
8m
40 Questions
7 Plays
7 Plays
7 Plays
Comments
Comments
Give Quiz Kudos
Give Quiz Kudos
-
- Ratings
hide this ad
Forced Order
Answers have to be entered in order
Answers have to be entered in order
Replay
Link that replays current quiz
Next Quiz
Link to next quiz in quiz playlist
You Got
0%
They Got
Avg Score
81%
Avg Friend Score
Upgrade to see
Score Distribution
Jump to the score distribution portion of the page
Score
0/40
Timer
08:00
0
Plays Today
Player Name
Team Name
% Correct
LeBron James
Cleveland Cavaliers
100%
J.J. Watt
Houston Texans
100%
Clayton Kershaw
Los Angeles Dodgers
100%
Kevin Durant
Golden State Warriors
100%
Kobe Bryant
Los Angeles Lakers
100%
Stephen Curry
Golden State Warriors
100%
Peyton Manning
Denver Broncos
100%
Chris Paul
Los Angeles Clippers
100%
Mark Trumbo
Baltimore Orioles
85.7%
Christiano Ronaldo
Real Madrid
85.7%
Lionel Messi
FC Barcelona
85.7%
Dwyane Wade
Chicago Bulls
85.7%
Odell Beckham Jr.
New York Giants
85.7%
Drew Brees
New Orleans Saints
85.7%
Russell Westbrook
Oklahoma City Thunder
85.7%
Russell Wilson
Seattle Seahawks
85.7%
Tom Brady
New England Patriots
85.7%
James Harden
Houston Rockets
85.7%
Aaron Rodgers
Green Bay Packers
85.7%
Marshawn Lynch
Seattle Seahawks
85.7%
Player Name
Team Name
% Correct
Kevin Love
Cleveland Cavaliers
85.7%
Chris Bosh
Miami Heat
85.7%
Andrew Luck
Indianapolis Colts
85.7%
Tony Romo
Dallas Cowboys
85.7%
Bryce Harper
Washington Nationals
85.7%
Rob Gronkowski
New England Patriots
85.7%
Mike Trout
Los Angeles Angels
85.7%
Tim Duncan
San Antonio Spurs
85.7%
Ben Roethlisberger
Pittsburgh Steelers
85.7%
Carson Palmer
Arizona Cardinals
85.7%
Carson Wentz
Philadelphia Eagles
85.7%
Hunter Pence
San Fransisco Giants
85.7%
Robinson Cano
Seattle Mariners
71.4%
Albert Pujols
Los Angeles Angels
71.4%
Neymar
FC Barcelona
57.1%
James Rodriguez
Real Madrid
42.9%
Zlatan Ibrahimovic
Manchester United
42.9%
Eden Hazard
Chelsea
42.9%
David Ortiz
Boston Red Sox
28.6%
Matt Kemp
Atlanta Braves
28.6%
Quiz Playlist
Details
Report
Send in Message
Add To Playlist
Classic:
Type in answers that appear in a list
Forced Order:
Answers have to be entered in order
Last Updated: Jun 2, 2017
Quiz Scoreboard
CHALLENGE
Sign Up to Join the Scoreboard
Show All
Scores
Hide
Comments
May contain spoilers
Recently Published
Image Sorting: Flags VI
by Barbecue
Geography
2m
Find the 'City' Movie
by crazypaving
Movies
60s
Colored Red Africa Blitz
by spor1
Geography
45s
More to Explore
Quiz From the Vault
Featured Blog Post
14 Easter Pick-up Lines to Find Eggs With
hide this ad
You Might Also Like...
Tags
Player
team
Today's Top Quizzes in Sports
Browse Sports
hide this ad
Today's Top Quizzes in Player
Browse Player
Top Contributed Quizzes in Sports
1
Les meilleurs buteurs des matchs entre le PSG et l’OM
2
Les entraîneurs de l'OM et du PSG au 21e siècle
3
Les joueurs passés par le PSG et l'OM
4
2022 World Cup Stars
5
Players with Multiple 50 Home Run Seasons
6
Criteria MLB: Left Handed Sluggers
7
Les joueurs passés par le LOSC et le RC Lens
8
NBA Logic Puzzle 2.0
9
MLB Players with Two .350 Batting Average Seasons
10
FIFA Club World Cup Champions
Explore More
Trending Topics
Kpop
Crossword
NBA
Disney
Harry Potter
Anime
Marvel
Song
Soccer
WWE
The Office
Pokémon
Country
NFL
Puzzle
hide this ad
More By:
martinlu20
Quiz
Plays
Rating
Category
Featured
Created
First Round NFL Draft 2017
1,861
3.67
Sports
Apr 28, 2017
NFL Superbowl MVP
718
2.33
Sports
May 18, 2017
NBA All-Time Playoff Scorers
266
3.00
Sports
Jun 2, 2017
Super Bowl Champions By Year
261
2.50
Sports
Nov 9, 2018
NFL All-Time Sack Leaders
244
2.67
Sports
May 17, 2017
Go to Creator's Profile
Score Distribution
Quiz Creator Spotlight
martinlu20
Follow
Send a Message
Quizzes Created
-
Created Quiz Play Count
-
More By This Creator
Popular Quizzes Today
1
Colored Red Africa Blitz
2
Find the US States - No Outlines Minefield
3
Find the 'City' Movie
4
5x2 Blitz: Bands
5
The Countries of the World
6
Find the US States
7
Find the Countries of Europe - No Outlines Minefield
8
US States
More Sports Quizzes
UEFA Champions League Semifinalists (1994-)
Published
Trending Quizzes
Colored Red Europe Blitz I
Colored Red Europe Blitz II
Colored Red Africa Blitz II
Colored Red Europe Blitz III
Colored Red Africa Blitz III
Recently Updated
How Do You Spell That?
pecheneg
Godzilla Movies
pecheneg
Grab Bag: 4-10 Letters
pecheneg
2024 March Madness Bracket
pecheneg
Famous TV Couples
Peacemaker
Champions League XIs: Real Madrid
pecheneg
Largest US Cities 1790-2010
pecheneg
Rides in Walt Disney World
pecheneg
Most Oscar Losses (Acting)
pecheneg
Beyoncé Albums
pecheneg
Trending Topics
Marvel
Harry Potter
NBA
Crossword
Disney
Kpop
Anime
Pokémon
NFL
Soccer
Country
The Office
Song
Puzzle
WWE
Your Account Isn't Verified!
In order to create a playlist on Sporcle, you need to verify the email address you used during registration. Go to your
Sporcle Settings
to finish the process.
Report this User
Report this user for behavior that violates our
Community Guidelines
.
Details:
Send Report
Go to the Sporcle.com Mobile Site →
Comments